000 00442nam a22001817a 4500
003 MPLRDC
005 20220104124158.0
008 210129b ||||| |||| 00| 0 eng d
020 _a7-02-001177-2
082 _a880 TGNF-3 c.2
100 _a屠格涅夫
245 _a父与子
_c巴金译
250 _a一版一刷
260 _a
_b人民文学出版社
_c1991
300 _b
650 _a俄国文学
942 _cBK
_o880 TGNF-3 c.2
999 _c17260
_d17250